00758nam a2200217 i 450000100060000000300090000600500170001500700030003200800410003502000180007610000360009424500780013026000450020830000220025349000280027565000420030383000340034585200220037999900170040195201220041899314ES-MaACL20250902064907.0t|050906s1974 sp ||||1| spa d a84-292-8253-X1 aMartín Mateo, Ramón.97756110aOrdenación del sector público en España / cRamón Martín Mateo. aMadrid : bRevista de Occidente, c1974. a601 p. ; c20 cm.1 aMonografías Cívitas04aEmpresas públicas-zEspaña91223210aMonografías Civitas9178627 aES-MaACLjC-56622 c99314d99314 00104070aATENEOMbATENEOMcDEPO2d2008-01-17eSCl0oC-56622p1103702r2023-02-23 00:00:00w2023-02-23yMONOGRAFIA